[Event "Sparkassen-Open B"]
[Site "Heusenstamm, Martinsee"]
[Date "2021.11.19"]
[Round "2.32"]
[White "Chua, Daniel James"]
[Black "Spelleken, Mark"]
[Result "0-1"]
[WhiteElo "1315"]
[BlackElo "1434"]
[PlyCount "140"]
[EventDate "2021.??.??"]
[WhiteTeam "SC Garching"]
[BlackTeam "SC Kahl"]

1. e4 e5 2. Bc4 Nf6 3. Nc3 Bb4 4. Nf3 d6 5. O-O Bxc3 6. dxc3 O-O 7. Re1 h6 8.
Qe2 Nc6 9. Be3 Ne7 10. Rad1 Bg4 11. h3 Bh5 12. g4 Bg6 13. Nxe5 Bxe4 14. g5 hxg5
15. Bxg5 d5 16. Bxf6 gxf6 17. Qg4+ Kh7 18. Rxe4 Rg8 19. Qxg8+ Qxg8+ 20. Rg4 Qe8
21. Bd3+ f5 22. Rh4+ Kg7 23. Kh2 Ng6 24. Nxg6 fxg6 25. Rg1 Kf6 26. c4 dxc4 27.
Rxc4 Qe5+ 28. Kh1 c6 29. b3 Rh8 30. Bf1 Qd5+ 31. Kh2 Qf3 32. Bg2 Qxf2 33. Rb4
Qxc2 34. Rxb7 Qxa2 35. Rc1 Rc8 36. b4 Qf2 37. Ra1 Rd8 38. Rf1 Qb2 39. Rxa7 Rd2
40. Rg1 Qxb4 41. Ra6 Qb5 42. Ra8 Qc5 43. Kh1 Kg7 44. Rc8 Rd3 45. Kh2 Qe5+ 46.
Kh1 Qc3 47. Kh2 f4 48. Rc7+ Kh6 49. Rxc6 Rxh3+ 50. Bxh3 Qxc6 51. Rf1 g5 52. Bg4
Qc3 53. Bf3 g4 54. Bxg4 Qg3+ 55. Kh1 Qxg4 56. Rf2 f3 57. Rh2+ Kg5 58. Rf2 Kf4
59. Kh2 Ke3 60. Rc2 Qh4+ 61. Kg1 Qe1+ 62. Kh2 Qe2+ 63. Rxe2+ fxe2 64. Kg3 e1=Q+
65. Kg4 Qf1 66. Kg5 Ke4 67. Kg6 Ke5 68. Kg5 Qg1+ 69. Kh6 Kf6 70. Kh7 Qg7# 0-1

[Event "Sparkassen-Open B"]
[Site "Heusenstamm, Martinsee"]
[Date "2021.11.19"]
[Round "2.33"]
[White "Meuer, Stephan"]
[Black "Englert, Fred"]
[Result "0-1"]
[WhiteElo "1182"]
[BlackElo "1779"]
[PlyCount "68"]
[EventDate "2021.??.??"]
[WhiteTeam "SV Lahnstein"]
[BlackTeam "SK Klingenberg"]

1. e4 c6 2. d4 d5 3. exd5 cxd5 4. Nf3 Nf6 5. c3 Nc6 6. Bb5 g6 7. h3 Bg7 8. Be3
O-O 9. Nbd2 Qb6 10. Bxc6 bxc6 11. b3 Ba6 12. c4 Qa5 13. O-O Nd7 14. Re1 Rfe8
15. Qc2 c5 16. Rab1 cxd4 17. Nxd4 e5 18. N4f3 d4 19. Bg5 Bb7 20. Ne4 Qc7 21.
Rbd1 f5 22. Ned2 e4 23. Nh2 h6 24. Bh4 g5 25. f3 d3 26. Qb1 gxh4 27. fxe4 fxe4
28. Nhf1 Bd4+ 29. Kh1 Qf4 30. Nh2 Be5 31. Nhf1 Rad8 32. Qc1 Bd4 33. Nh2 e3 34.
Ndf3 d2 0-1

[Event "Sparkassen-Open B"]
[Site "Heusenstamm, Martinsee"]
[Date "2021.11.19"]
[Round "2.34"]
[White "Homfeldt, Maren"]
[Black "Kuchta, Maksim"]
[Result "0-1"]
[WhiteElo "1144"]
[BlackElo "1490"]
[PlyCount "120"]
[EventDate "2021.??.??"]
[WhiteTeam "SC Noris-Tarrasch Nürnberg"]
[BlackTeam "SC Heusenstamm"]

1. g3 e5 2. Bg2 d5 3. c3 Nf6 4. d3 Nc6 5. e4 dxe4 6. dxe4 Qxd1+ 7. Kxd1 Ng4 8.
Ke2 Bc5 9. f3 Nf2 10. Be3 Bxe3 11. Kxe3 Nxh1 12. Bxh1 Be6 13. Na3 O-O-O 14. b4
Rd7 15. f4 exf4+ 16. gxf4 f6 17. f5 Bf7 18. Bf3 Rhd8 19. Be2 Rd2 20. b5 Ne5 21.
Nh3 Rxa2 22. Rxa2 Bxa2 23. Nf4 g5 24. Nh5 Rd6 25. Ng7 Kd8 26. c4 b6 27. Ne6+
Kc8 28. Nf8 c6 29. bxc6 Rxc6 30. Nxh7 Kd8 31. Kd4 Ke7 32. Nb5 Bxc4 33. Bxc4
Rxc4+ 34. Kd5 Rc5+ 35. Kd4 Rxb5 36. h3 Kf7 37. Nxf6 Kxf6 38. Kc3 Rb3+ 39. Kxb3
Nf3 40. Kb4 Ng1 41. Kc4 Nxh3 42. Kd5 g4 43. e5+ Ke7 44. f6+ Ke8 45. Kd6 Ng5 46.
e6 Nxe6 47. Kxe6 g3 48. f7+ Kf8 49. Kf5 g2 50. Ke6 g1=Q 51. Kf6 Qg7+ 52. Ke6
Qxf7+ 53. Ke5 Qc4 54. Kd6 Qc5+ 55. Kd7 Kf7 56. Kd8 Qe7+ 57. Kc8 Ke6 58. Kb8 Kd6
59. Ka8 Kc6 60. Kb8 Qb7# 0-1

[Event "Sparkassen-Open B"]
[Site "Heusenstamm, Martinsee"]
[Date "2021.11.19"]
[Round "2.35"]
[White "Schmidt, Moritz"]
[Black "Schwenk, Stefan"]
[Result "0-1"]
[WhiteElo "1425"]
[BlackElo "1719"]
[PlyCount "118"]
[EventDate "2021.??.??"]
[WhiteTeam "SVG Plettenberg"]
[BlackTeam "SK Geisenheim"]

1. e4 c5 2. c3 e6 3. d4 cxd4 4. cxd4 d5 5. e5 Nc6 6. Nf3 Be7 7. Bb5 a6 8. Ba4
b5 9. Bc2 Qa5+ 10. Bd2 Bb4 11. Nc3 Qc7 12. O-O f6 13. exf6 Nxf6 14. Re1 O-O 15.
a3 Bd6 16. Bg5 Bf4 17. Bxf4 Qxf4 18. Qd3 b4 19. axb4 Nxb4 20. Qe2 Nxc2 21. Qxc2
Bd7 22. b4 Rfc8 23. Ne2 Qd6 24. Qb3 Rc4 25. Reb1 Bb5 26. Ne5 Rc7 27. Nc3 Bc4
28. Nxc4 Rxc4 29. g3 Rac8 30. Na4 Rb8 31. Nc5 Rb6 32. Qa3 Rxd4 33. Nxa6 Ne4 34.
Nc5 Nd2 35. Re1 e5 36. Qa8+ Rb8 37. Qa3 Rdxb4 38. Nd3 Nf3+ 39. Kf1 Nxe1 40.
Nxb4 Qxb4 41. Qxb4 Rxb4 42. Kxe1 Kf7 43. Ke2 Rb6 44. Rd1 Ke6 45. Ke3 Rb3+ 46.
Rd3 Rb1 47. Rd2 g5 48. Ra2 Rb3+ 49. Ke2 Kf5 50. Ra5 Ke4 51. Ra4+ d4 52. Ra2 d3+
53. Kd1 Kf3 54. Ra5 e4 55. Rxg5 Kxf2 56. Rf5+ Ke3 57. Rc5 Rb1+ 58. Rc1 Rxc1+
59. Kxc1 Ke2 0-1

[Event "Sparkassen-Open B"]
[Site "Heusenstamm, Martinsee"]
[Date "2021.11.19"]
[Round "2.36"]
[White "Papadopoulos, Leon"]
[Black "Raghavan, Badrinarayanan"]
[Result "0-1"]
[WhiteElo "1337"]
[BlackElo "1693"]
[PlyCount "62"]
[EventDate "2021.??.??"]
[WhiteTeam "SV Oberursel"]
[BlackTeam "SK Gießen"]

1. e4 g6 2. d4 Bg7 3. Nf3 c5 4. c3 b6 5. Bd3 Nc6 6. Be3 d6 7. Nbd2 Nf6 8. Qc2
O-O 9. O-O-O cxd4 10. Nxd4 Bb7 11. Nxc6 Bxc6 12. h4 Ng4 13. Be2 Nxe3 14. fxe3
b5 15. h5 a5 16. hxg6 hxg6 17. Nb3 e5 18. Bf3 Qc7 19. g4 Rfd8 20. Rh3 Qb6 21.
Qf2 b4 22. Rf1 bxc3 23. bxc3 Rab8 24. Be2 Rd7 25. Bc4 Rbb7 26. Rf3 Qc7 27. Nxa5
Qxa5 28. Qc2 d5 29. exd5 Bxd5 30. Bxd5 Rxd5 31. Qe4 Qa3+ 0-1

[Event "Sparkassen-Open B"]
[Site "Heusenstamm, Martinsee"]
[Date "2021.11.19"]
[Round "2.37"]
[White "Barth, Horst"]
[Black "Pu, Tim Yu"]
[Result "1-0"]
[WhiteElo "1320"]
[BlackElo "1620"]
[PlyCount "75"]
[EventDate "2021.??.??"]
[WhiteTeam "SF Mainz"]
[BlackTeam "SV Großauheim"]

1. c4 e5 2. g3 Bc5 3. Bg2 Ne7 4. Nc3 d6 5. d3 Nbc6 6. e3 O-O 7. Nge2 Qd7 8. O-O
f6 9. a3 a5 10. f4 Nf5 11. Nd5 Nce7 12. Rf3 Nxd5 13. cxd5 exf4 14. Nxf4 Re8 15.
d4 Bb6 16. Qd3 Qe7 17. Bd2 c5 18. Re1 cxd4 19. e4 Ne3 20. Bxe3 dxe3 21. Kh1 Qe5
22. Qb5 Bc5 23. Nd3 Qxe4 24. Nxc5 dxc5 25. Rfxe3 Qxe3 26. Qxe8+ Qxe8 27. Rxe8+
Kf7 28. Rh8 h6 29. Bh3 f5 30. Bxf5 Ra6 31. Rxc8 Rb6 32. Rxc5 Rxb2 33. Rc2 Rxc2
34. Bxc2 Ke7 35. Kg2 b5 36. Kf3 Kd6 37. Ke4 g6 38. h4 1-0

[Event "Sparkassen-Open B"]
[Site "Heusenstamm, Martinsee"]
[Date "2021.11.19"]
[Round "2.38"]
[White "Wirtjes, Edzard"]
[Black "Boll, Nils"]
[Result "0-1"]
[WhiteElo "1552"]
[BlackElo "1406"]
[PlyCount "93"]
[EventDate "2021.??.??"]
[WhiteTeam "Fortuna Logabirum"]
[BlackTeam "SV Großauheim"]

1. c4 e5 2. Nc3 Nf6 3. d3 Bc5 4. Nf3 Nc6 5. g3 h6 6. Bg2 O-O 7. O-O d6 8. h3
Be6 9. Na4 Bb6 10. Nxb6 axb6 11. Bd2 Qd7 12. Kh2 Ne7 13. e4 Ne8 14. Qc2 f5 15.
d4 fxe4 16. Qxe4 Bxc4 17. Rfc1 Bd5 18. Qe2 exd4 19. Nxd4 Bxg2 20. Kxg2 c6 21.
Re1 Nd5 22. Ne6 Rf6 23. Nf4 Nxf4+ 24. Bxf4 d5 25. Be5 Rf8 26. b3 b5 27. Bd4 Nd6
28. Bc5 Rfe8 29. Qc2 Rxe1 30. Rxe1 Ne4 31. Re2 Nxc5 32. Qxc5 Re8 33. Qc2 Rxe2
34. Qxe2 d4 35. Qd3 Qd5+ 36. f3 Qd7 37. b4 b6 38. Kf2 c5 39. Qe4 c4 40. Ke1 d3
41. Kd2 c3+ 42. Kc1 d2+ 43. Kd1 Qf7 44. Qa8+ Kh7 45. Qe4+ g6 46. Qd3 Qc4 47.
Qd7+ 0-1

[Event "Sparkassen-Open B"]
[Site "Heusenstamm, Martinsee"]
[Date "2021.11.19"]
[Round "2.39"]
[White "Matsoukas, Konstantinos"]
[Black "Herrmann, Gerhard"]
[Result "0-1"]
[WhiteElo "1148"]
[BlackElo "1555"]
[PlyCount "98"]
[EventDate "2021.??.??"]
[WhiteTeam "Frankfurter TV"]
[BlackTeam "SC Königsspringer Alzenau"]

1. e4 d5 2. exd5 Nf6 3. c4 c6 4. Nc3 cxd5 5. b3 d4 6. Nce2 e5 7. d3 Nc6 8. f4
Bb4+ 9. Bd2 exf4 10. Nxf4 O-O 11. Nf3 Re8+ 12. Be2 Bg4 13. Bxb4 Nxb4 14. O-O
Bxf3 15. Bxf3 Qc7 16. Qd2 Nc6 17. Nd5 Nxd5 18. Bxd5 Rf8 19. Qf4 Qxf4 20. Rxf4
Rad8 21. Re1 Nb4 22. Rxd4 Nc2 23. Bxf7+ Kxf7 24. Rf1+ Kg8 25. Rxf8+ Rxf8 26.
Rd7 Rf7 27. Rd8+ Rf8 28. Rxf8+ Kxf8 29. Kf2 Nb4 30. d4 Nxa2 31. d5 b6 32. Ke3
Ke7 33. Kf4 Kd6 34. Kf5 a5 35. g4 Nc1 36. g5 Nxb3 37. h4 a4 38. h5 a3 39. h6
gxh6 40. gxh6 a2 41. Kf6 a1=Q+ 42. Kf7 Qa7+ 43. Kg8 Nd2 44. c5+ bxc5 45. Kh8
Kxd5 46. Kg8 Ke5 47. Kh8 Kf5 48. Kg8 Kg6 49. Kf8 Qf7# 0-1

[Event "Sparkassen-Open B"]
[Site "Heusenstamm, Martinsee"]
[Date "2021.11.19"]
[Round "2.40"]
[White "Schwegler, Jelena"]
[Black "Tobias, Karolin"]
[Result "1-0"]
[WhiteElo "1484"]
[BlackElo "1321"]
[PlyCount "57"]
[EventDate "2021.??.??"]
[WhiteTeam "SK Bad Homburg"]
[BlackTeam "SV Oberursel"]

1. e4 e5 2. Nf3 Nc6 3. d4 exd4 4. Nxd4 Nf6 5. Nxc6 bxc6 6. Qe2 Rb8 7. e5 Nd5 8.
c4 Bb4+ 9. Nd2 Ba6 10. Qg4 Ne7 11. Rb1 c5 12. Bd3 O-O 13. O-O Nc6 14. f4 Re8
15. Ne4 d6 16. Nf6+ Kh8 17. Nxe8 Qxe8 18. Qf5 g6 19. Qf6+ Kg8 20. f5 Qf8 21.
fxg6 hxg6 22. e6 Ne5 23. exf7+ Qxf7 24. Qg5 Qg7 25. b3 Nxd3 26. Qd5+ Kh8 27.
Qxd3 Kh7 28. Bb2 Qg8 29. Qh3# 1-0

[Event "Sparkassen-Open B"]
[Site "Heusenstamm, Martinsee"]
[Date "2021.11.19"]
[Round "2.41"]
[White "Goodwin, David"]
[Black "Jumah, Shayan"]
[Result "0-1"]
[WhiteElo "1542"]
[BlackElo "1264"]
[PlyCount "86"]
[EventDate "2021.??.??"]
[WhiteTeam "SV Kelsterbach"]
[BlackTeam "SG Trier"]

1. Nf3 e6 2. g3 f5 3. d3 Nf6 4. Bg2 d5 5. O-O Bd6 6. Nc3 c6 7. Re1 O-O 8. e4
fxe4 9. dxe4 Bc5 10. Nd4 Ng4 11. Be3 e5 12. Nxc6 Nxe3 13. fxe3 Nxc6 14. Na4 Qd6
15. exd5 Nd8 16. Qe2 b6 17. Rad1 Bb7 18. a3 Qd7 19. Nxc5 bxc5 20. e4 Nf7 21.
Bf3 Rad8 22. Bg4 Qe7 23. Be6 Bc8 24. Bxc8 Rxc8 25. Qa6 Nd6 26. Qa4 Qb7 27. Rb1
c4 28. b4 Qb6+ 29. Kh1 Rf7 30. c3 Rcf8 31. Qc2 Rf2 32. Qd1 Ra2 33. Qg4 Rff2 34.
Qe6+ Kh8 35. Qh3 Rxh2+ 36. Qxh2 Rxh2+ 37. Kxh2 Qf2+ 38. Kh3 h5 39. Rf1 Qe2 40.
Rf8+ Kh7 41. Rbf1 g5 42. R1f2 Qxe4 43. R2f6 Qh1# 0-1

[Event "Sparkassen-Open B"]
[Site "Heusenstamm, Martinsee"]
[Date "2021.11.19"]
[Round "2.42"]
[White "Junkers, Günter"]
[Black "Wartenberg, Julian"]
[Result "0-1"]
[WhiteElo "1235"]
[BlackElo "1531"]
[PlyCount "92"]
[EventDate "2021.??.??"]
[WhiteTeam "SG Rödermark"]
[BlackTeam "Hamburger SK"]

1. e4 e6 2. Nc3 d5 3. exd5 exd5 4. Bb5+ c6 5. Be2 Nf6 6. h3 Bd6 7. d4 O-O 8.
Nf3 Bf5 9. Nh4 Be4 10. O-O h6 11. Bd3 Re8 12. Bxe4 Nxe4 13. Re1 Qxh4 14. Qf3
Nd7 15. Nxe4 Rxe4 16. Be3 Rae8 17. Bd2 Nf6 18. Re3 Rxd4 19. Rxe8+ Nxe8 20. Bc3
Re4 21. Re1 Nf6 22. Qf5 Rxe1+ 23. Bxe1 Qe4 24. Qxe4 Nxe4 25. g3 Bc5 26. Kg2 f5
27. Kf3 Kf7 28. g4 Kf6 29. h4 fxg4+ 30. Kxg4 Bxf2 31. Bxf2 Nxf2+ 32. Kf4 b5 33.
Ke3 Nd1+ 34. Kd4 Nxb2 35. Kc5 g5 36. Kxc6 gxh4 37. Kxd5 h3 38. Kc5 a6 39. Kb4
h2 40. Ka5 h1=Q 41. Kxa6 Qc6+ 42. Ka5 Nc4+ 43. Kb4 Ke5 44. c3 Kd5 45. a3 Qa6
46. a4 Qxa4# 0-1

[Event "Sparkassen-Open B"]
[Site "Heusenstamm, Martinsee"]
[Date "2021.11.19"]
[Round "2.43"]
[White "Derr, Oleg"]
[Black "Burlutskaia, Maria"]
[Result "1/2-1/2"]
[WhiteElo "1198"]
[BlackElo "1415"]
[PlyCount "72"]
[EventDate "2021.??.??"]
[WhiteTeam "VSG Offenbach"]
[BlackTeam "TTC Grün-Weiß Fritzdorf"]

1. e4 e5 2. Nf3 Nc6 3. d4 exd4 4. Nxd4 Nf6 5. Nxc6 bxc6 6. Bd3 g6 7. Bg5 h6 8.
Bh4 g5 9. Bg3 Bg7 10. Nc3 Bb7 11. f4 Qe7 12. Qd2 Nh5 13. Qf2 Nxf4 14. Bxf4 gxf4
15. Qxf4 O-O-O 16. Qd2 c5 17. O-O-O Qe6 18. Kb1 c4 19. Bf1 Bxc3 20. Qxc3 Qxe4
21. Bxc4 Qxg2 22. Bxf7 Rhf8 23. Rhg1 Qxh2 24. Bc4 h5 25. Qa5 Rf2 26. Bd3 h4 27.
Qxa7 Rf6 28. Qd4 Qf4 29. Qc3 Rdf8 30. Be2 Qh6 31. Bg4 Rd8 32. Qh3 Rf7 33. a3
Qh7 34. Rgf1 Rxf1 35. Qxf1 Qe4 36. Bxd7+ Kb8 1/2-1/2

[Event "Sparkassen-Open B"]
[Site "Heusenstamm, Martinsee"]
[Date "2021.11.19"]
[Round "2.44"]
[White "Ghaznavi, Massoud"]
[Black "Müftahi, Tunay"]
[Result "1-0"]
[WhiteElo "1510"]
[BlackElo "1286"]
[PlyCount "83"]
[EventDate "2021.??.??"]
[WhiteTeam "SV Oberursel"]
[BlackTeam "SK Gründau"]

1. d4 c5 2. d5 g6 3. c4 Bg7 4. Nf3 Nf6 5. Nc3 O-O 6. e4 d6 7. Be2 Nbd7 8. h3 e6
9. Bg5 Qe8 10. Qc2 a6 11. Rd1 e5 12. a3 b6 13. O-O Nb8 14. Na4 Qd8 15. b4 Bd7
16. b5 axb5 17. cxb5 Qc7 18. Bc1 Rd8 19. Nd2 Qa7 20. Nc3 Qb7 21. a4 Qc8 22. Kh2
Nh5 23. Bxh5 gxh5 24. Nc4 Qc7 25. Be3 f6 26. f4 Be8 27. fxe5 dxe5 28. d6 Qb7
29. Nd5 Nd7 30. Ne7+ Kf8 31. Nc6 Rdc8 32. N4xe5 Nxe5 33. Nxe5 Rd8 34. Nc6 Bxc6
35. bxc6 Qxc6 36. e5 Kg8 37. exf6 Rxd6 38. fxg7 Rxd1 39. Rxd1 Qf6 40. Qc4+ Kxg7
41. Rd7+ Kh8 42. Rf7 1-0

[Event "Sparkassen-Open B"]
[Site "Heusenstamm, Martinsee"]
[Date "2021.11.19"]
[Round "2.45"]
[White "Margraf, Dieter"]
[Black "Hott, Arthur"]
[Result "1/2-1/2"]
[WhiteElo "1482"]
[BlackElo "1239"]
[PlyCount "71"]
[EventDate "2021.??.??"]
[WhiteTeam "SC Sulzbach-Rosenberg"]
[BlackTeam "SC Bad Soden"]

1. d4 c6 2. Bf4 d5 3. c3 Bf5 4. e3 e6 5. Bd3 Bxd3 6. Qxd3 Nd7 7. Nf3 h6 8. Nbd2
Ngf6 9. h3 c5 10. O-O Qb6 11. Qc2 Bd6 12. Bxd6 Qxd6 13. Rfe1 Nb6 14. Rad1 Nfd7
15. e4 O-O 16. e5 Qc7 17. Rc1 Rac8 18. Qd1 c4 19. Nh2 Ra8 20. f4 f6 21. Qg4 f5
22. Qg6 Rae8 23. Re3 Kh8 24. Rg3 Nb8 25. Ndf3 Qf7 26. Nh4 Qd7 27. Qh5 Kh7 28.
Rf1 Na4 29. b3 Nxc3 30. Rxc3 Rc8 31. b4 Nc6 32. N2f3 Nxb4 33. a3 Nd3 34. Ne1
Nxe1 35. Rxe1 Qf7 36. Qxf7 1/2-1/2

[Event "Sparkassen-Open B"]
[Site "Heusenstamm, Martinsee"]
[Date "2021.11.19"]
[Round "2.46"]
[White "Englert, Lin"]
[Black "Büttner, Anton"]
[Result "1-0"]
[WhiteElo "1476"]
[BlackElo "1234"]
[PlyCount "109"]
[EventDate "2021.??.??"]
[WhiteTeam "TV-Großostheim"]
[BlackTeam "OSG Baden-Baden"]

1. d4 d5 2. c4 e6 3. Nc3 Nf6 4. cxd5 exd5 5. Bf4 Bf5 6. Nf3 Nc6 7. e3 Bb4 8.
Bd3 Ne4 9. Rc1 O-O 10. O-O Nxc3 11. bxc3 Bxd3 12. Qxd3 Be7 13. Qb5 Rb8 14. Rb1
a6 15. Qd3 h6 16. Rb2 Bd6 17. Bxd6 Qxd6 18. Rfb1 Nd8 19. Ne5 c5 20. Qf5 Re8 21.
Nd7 Ra8 22. Nxc5 g6 23. Qd7 Qxd7 24. Nxd7 Re6 25. Nc5 Rc6 26. Rc2 b5 27. f3 Ra7
28. e4 dxe4 29. fxe4 Ne6 30. Nb3 Rc8 31. Kf2 Rac7 32. Rbc1 b4 33. c4 Nf4 34.
Ke3 Ne6 35. c5 Re8 36. Rc4 f5 37. e5 Rb8 38. d5 Nf8 39. d6 Rcc8 40. c6 Ne6 41.
c7 Rb7 42. d7 f4+ 43. Kf2 Rcxc7 44. Rxc7 Rb5 45. Rc8+ Kf7 46. d8=Q Nxd8 47.
Rxd8 Rxe5 48. Re1 Rb5 49. Rd6 a5 50. Ra6 Rc5 51. Nxc5 Kf8 52. Ra7 a4 53. Rc1 b3
54. Ne6+ Ke8 55. Rc8# 1-0

[Event "Sparkassen-Open B"]
[Site "Heusenstamm, Martinsee"]
[Date "2021.11.19"]
[Round "2.47"]
[White "Huang, Luca Hanson"]
[Black "Gärtner, David"]
[Result "1-0"]
[WhiteElo "1429"]
[BlackElo "1185"]
[PlyCount "121"]
[EventDate "2021.??.??"]
[WhiteTeam "SK Frankenthal"]
[BlackTeam "SF Mainz"]

1. e4 e6 2. d4 d5 3. e5 c5 4. Nf3 Nc6 5. c3 Qb6 6. Be2 Bd7 7. O-O Nge7 8. b3
Rc8 9. Bb2 a5 10. Na3 Nf5 11. Nb5 Be7 12. Rc1 O-O 13. Qd2 Ra8 14. a4 Na7 15.
dxc5 Bxc5 16. b4 Be7 17. Nxa7 Bxa4 18. Ra1 Rxa7 19. Rxa4 Rfa8 20. b5 Rc8 21.
Nd4 Nh6 22. Ba3 Bd8 23. Bd6 Bc7 24. Bxc7 Qxc7 25. b6 Qxb6 26. Nb5 Raa8 27. Nd6
Rc7 28. Bd3 Qc6 29. Nb5 Rcc8 30. Ra3 Qd7 31. Nd6 Rc7 32. Bb5 Qd8 33. c4 dxc4
34. Bxc4 Nf5 35. Bb5 Rc5 36. Bd3 Nxd6 37. exd6 Rd5 38. Qc2 g6 39. Be4 Rxd6 40.
Bxb7 Ra7 41. Bf3 Rd4 42. Qc5 Rdd7 43. g3 Ra6 44. Ra4 Kg7 45. Qc3+ Kg8 46. Rh4
Rd3 47. Qc4 Ra7 48. Be2 Rd2 49. Qc5 Qd7 50. Qe3 a4 51. Bb5 Qb7 52. Qxd2 Qxb5
53. Qd8+ Kg7 54. Qd4+ Kg8 55. Qxa7 Qd5 56. Qb8+ Kg7 57. Qb2+ Kg8 58. Rd4 Qa5
59. Rfd1 h5 60. Rd8+ Kh7 61. Rh8# 1-0

[Event "Sparkassen-Open B"]
[Site "Heusenstamm, Martinsee"]
[Date "2021.11.19"]
[Round "2.48"]
[White "Niesel, Markus"]
[Black "Wolff, Calvin"]
[Result "0-1"]
[WhiteElo "891"]
[BlackElo "1425"]
[PlyCount "50"]
[EventDate "2021.??.??"]
[WhiteTeam "SV Ffm-Griesheim"]
[BlackTeam "Heilbronner SV"]

1. e4 e5 2. Nf3 Nc6 3. Bc4 Bc5 4. d4 Bxd4 5. Nxd4 Nxd4 6. c3 Nc6 7. O-O d6 8.
Qf3 Be6 9. Bb3 h6 10. Be3 Nf6 11. h3 Qe7 12. Nd2 O-O-O 13. c4 g5 14. Ba4 g4 15.
hxg4 Bxg4 16. Qg3 Nd4 17. Bxd4 exd4 18. f3 Be6 19. b3 Nh5 20. Qf2 Nf4 21. Rfe1
Rhg8 22. Qxd4 Rxg2+ 23. Kf1 Qh4 24. Qxa7 Qh1+ 25. Qg1 Qxg1# 0-1

[Event "Sparkassen-Open B"]
[Site "Heusenstamm, Martinsee"]
[Date "2021.11.19"]
[Round "2.49"]
[White "Kuran, Rainer"]
[Black "Moissl, Julian"]
[Result "1-0"]
[WhiteElo "1461"]
[BlackElo "1171"]
[PlyCount "31"]
[EventDate "2021.??.??"]
[WhiteTeam "Karlsruher SF"]
[BlackTeam "SK Bad Homburg"]

1. e4 e5 2. Nf3 Nc6 3. Nc3 Bc5 4. Nxe5 Nxe5 5. d4 Bd6 6. dxe5 Bxe5 7. Bc4 Nf6
8. O-O O-O 9. Bg5 Qe7 10. Nd5 Qc5 11. Nxf6+ Bxf6 12. Bxf6 Qxc4 13. Qg4 g6 14.
Qg5 Qe6 15. e5 Qf5 16. Qh6 1-0

[Event "Sparkassen-Open B"]
[Site "Heusenstamm, Martinsee"]
[Date "2021.11.19"]
[Round "2.54"]
[White "Gräf, Kilian Gabriel"]
[Black "Grebe, Sabrina"]
[Result "1/2-1/2"]
[WhiteElo "1434"]
[BlackElo "1049"]
[PlyCount "33"]
[EventDate "2021.??.??"]
[WhiteTeam "SV Frankfurt Nord"]
[BlackTeam "SC Heusenstamm"]

1. d4 f5 2. c4 c6 3. Nc3 Nf6 4. Bg5 d5 5. Bxf6 exf6 6. e3 b6 7. Qa4 Bd7 8. cxd5
cxd5 9. Bb5 a6 10. Bxd7+ Nxd7 11. Nxd5 b5 12. Qb3 Rc8 13. Ne2 Nb6 14. Nxb6 Qxb6
15. O-O Bd6 16. Qe6+ Kd8 17. Nc3 1/2-1/2

[Event "Sparkassen-Open B"]
[Site "Heusenstamm, Martinsee"]
[Date "2021.11.19"]
[Round "2.56"]
[White "Jansen, Malte"]
[Black "Deboer, Martin"]
[Result "1-0"]
[WhiteElo "1427"]
[BlackElo "763"]
[PlyCount "107"]
[EventDate "2021.??.??"]
[WhiteTeam "SC Herborn"]
[BlackTeam "SK Bickenbach"]

1. e4 c5 2. Nf3 Nc6 3. Bc4 e5 4. c3 Nf6 5. d3 d6 6. Bg5 h6 7. Bh4 Be7 8. Nbd2
Be6 9. Bb3 d5 10. O-O d4 11. Rc1 Nd7 12. Bg3 Bg5 13. Rc2 Qa5 14. Bxe6 fxe6 15.
Nxg5 hxg5 16. a3 O-O-O 17. Nc4 Qc7 18. Qg4 Na5 19. Nxe5 Nxe5 20. Qxe6+ Rd7 21.
Bxe5 Qc6 22. Qxc6+ Nxc6 23. cxd4 cxd4 24. Rfc1 Rh6 25. b4 Kd8 26. Bg3 Ne7 27.
f4 Rc6 28. Rxc6 bxc6 29. fxg5 Ke8 30. Kf2 a6 31. Rc5 Kf7 32. Kf3 Kg6 33. Kg4
Rd8 34. Bf2 Rf8 35. Bxd4 Rf1 36. h4 Rd1 37. h5+ Kh7 38. Rc3 g6 39. h6 Rf1 40.
Bf6 Ng8 41. Rxc6 Nxf6+ 42. Rxf6 Rg1 43. d4 Rxg2+ 44. Kf4 Rf2+ 45. Ke5 Rg2 46.
Rf7+ Kh8 47. d5 Rxg5+ 48. Kd4 Rh5 49. h7 g5 50. d6 Rh6 51. Ke5 g4 52. d7 Rh5+
53. Kd4 Rh1 54. d8=Q# 1-0

[Event "Sparkassen-Open B"]
[Site "Heusenstamm, Martinsee"]
[Date "2021.11.19"]
[Round "3.1"]
[White "Stosberg, Marc"]
[Black "Merges, Harald"]
[Result "1/2-1/2"]
[WhiteElo "1692"]
[BlackElo "1781"]
[PlyCount "26"]
[EventDate "2021.??.??"]
[WhiteTeam "Sfr. Mörfelden"]
[BlackTeam "SG Reil-Kinheim"]

1. e4 e6 2. d4 d5 3. exd5 exd5 4. Bd3 Bd6 5. Nf3 Ne7 6. Bg5 f6 7. Bh4 Bf5 8. c4
Bxd3 9. Qxd3 c6 10. Nc3 O-O 11. O-O dxc4 12. Qxc4+ Kh8 13. Rad1 Nd7 1/2-1/2

[Event "Sparkassen-Open B"]
[Site "Heusenstamm, Martinsee"]
[Date "2021.11.19"]
[Round "3.2"]
[White "Spelleken, Hans-Gerd"]
[Black "Ngo, Quang Thai"]
[Result "0-1"]
[WhiteElo "1691"]
[BlackElo "1779"]
[PlyCount "110"]
[EventDate "2021.??.??"]
[WhiteTeam "SC Kahl"]
[BlackTeam "SV Griesheim"]

1. Nf3 e6 2. e4 c5 3. c3 Nf6 4. e5 Nd5 5. Bc4 Nb6 6. Be2 Nc6 7. O-O Qc7 8. d4
cxd4 9. cxd4 d6 10. Bf4 Nd5 11. Bg3 dxe5 12. Nxe5 Bd6 13. Nxc6 Bxg3 14. hxg3
Qxc6 15. Na3 O-O 16. Rc1 Qe8 17. Bd3 Bd7 18. Nc4 Bc6 19. Ne5 Bb5 20. Nc4 Qe7
21. Qh5 g6 22. Qe2 Rac8 23. Rfe1 Rfd8 24. a3 Qg5 25. Kh2 Nf6 26. Ne3 Bc6 27.
Rh1 Rxd4 28. f4 Qa5 29. Rc2 Rcd8 30. Nc4 Qb5 31. Rc3 Rxd3 32. Rxd3 Rxd3 33.
Qxd3 Ng4+ 34. Kg1 Qc5+ 35. Ne3 Qxe3+ 36. Qxe3 Nxe3 37. Rh2 h5 38. b3 Kg7 39. a4
Kf6 40. g4 Nxg4 41. Rh3 Kf5 42. g3 Ne3 43. Rh2 Ke4 44. Rd2 Bd5 45. b4 Nf5 46.
Kf2 h4 47. Re2+ Kd4 48. g4 Ng3 49. Rc2 f6 50. Rc7 g5 51. fxg5 fxg5 52. Rg7 Kc4
53. b5 Kb4 54. Ke3 h3 55. Kf2 h2 0-1

[Event "Sparkassen-Open B"]
[Site "Heusenstamm, Martinsee"]
[Date "2021.11.19"]
[Round "3.3"]
[White "Keymer, Cecilia"]
[Black "Lorenz, Alexander"]
[Result "1/2-1/2"]
[WhiteElo "1634"]
[BlackElo "1667"]
[PlyCount "67"]
[EventDate "2021.??.??"]
[WhiteTeam "SK Gau-Algesheim"]
[BlackTeam "SV Bergwinkel"]

1. d4 Nf6 2. c4 g6 3. g3 Bg7 4. Bg2 O-O 5. Nc3 d6 6. Nf3 c5 7. O-O cxd4 8. Nxd4
a6 9. Nd5 Nxd5 10. cxd5 Nd7 11. e4 Nf6 12. b3 Qb6 13. Bb2 e5 14. dxe6 fxe6 15.
Nc2 e5 16. Ne3 Be6 17. Qe2 Rac8 18. Rfd1 Bh6 19. Rd3 Bxe3 20. Rxe3 Ng4 21. Rf3
Rxf3 22. Bxf3 Qxf2+ 23. Qxf2 Nxf2 24. Ba3 Nh3+ 25. Kh1 Rc6 26. Bg2 Kf7 27. Bxh3
Bxh3 28. Rd1 Ke7 29. Rd2 b5 30. Kg1 Be6 31. Bb4 Bg4 32. Kf2 Ke6 33. Ke3 Ke7 34.
Kf2 1/2-1/2

[Event "Sparkassen-Open B"]
[Site "Heusenstamm, Martinsee"]
[Date "2021.11.19"]
[Round "3.4"]
[White "Burow, Roger"]
[Black "Bardorz, Christoph"]
[Result "0-1"]
[WhiteElo "1634"]
[BlackElo "1764"]
[PlyCount "46"]
[EventDate "2021.??.??"]
[WhiteTeam "SV Kelsterbach"]
[BlackTeam "TSV Rottendorf"]

1. e4 e5 2. Bc4 Nf6 3. d4 exd4 4. e5 d5 5. Qxd4 Nc6 6. Qf4 Nh5 7. Qf3 dxc4 8.
Qxh5 Nd4 9. Qd1 Bf5 10. Bd2 Nxc2+ 11. Kf1 Qd3+ 12. Ne2 Nxa1 13. Nbc3 Nc2 14.
Bg5 h6 15. Bh4 g5 16. Bg3 O-O-O 17. Qc1 Bb4 18. Kg1 Nd4 19. Nxd4 Rxd4 20. h3
Bxc3 21. bxc3 Qd1+ 22. Kh2 Qxc1 23. Rxc1 Rd2 0-1

[Event "Sparkassen-Open B"]
[Site "Heusenstamm, Martinsee"]
[Date "2021.11.19"]
[Round "3.5"]
[White "Tojcic, Josip"]
[Black "Schwab, Tizian"]
[Result "0-1"]
[WhiteElo "1756"]
[BlackElo "1634"]
[PlyCount "78"]
[EventDate "2021.??.??"]
[WhiteTeam "VL Frankfurt"]
[BlackTeam "TV-Großostheim"]

1. d4 d5 2. Bf4 Bf5 3. Nd2 Nf6 4. Ngf3 e6 5. e3 c5 6. Bb5+ Nbd7 7. c3 a6 8. Ba4
b5 9. Bc2 Bxc2 10. Qxc2 Rc8 11. Qd1 Be7 12. O-O O-O 13. Ne5 Nxe5 14. Bxe5 Bd6
15. Bxf6 Qxf6 16. Qf3 Qh6 17. Qh3 Qxh3 18. gxh3 cxd4 19. exd4 b4 20. Rac1 bxc3
21. bxc3 Rc7 22. f4 Rfc8 23. Nb1 Be7 24. f5 Bf6 25. Rcd1 Re8 26. Kg2 e5 27.
dxe5 Rxe5 28. Rd3 h6 29. Rf2 Bh4 30. Rfd2 Rxf5 31. Rxd5 Rxd5 32. Rxd5 Rb7 33.
Nd2 Rb2 34. Kf3 Rxa2 35. c4 Rc2 36. c5 a5 37. Ke4 Bg5 38. Nf3 Re2+ 39. Kf5 g6+
0-1